Amazing Grace Lyrics - Statistics

General Stats
  • This quiz has been taken 848 times
  • The average score is 72 of 123
Answer Stats
Answer % Correct
a
100%
am
100%
grace!
99%
grace
99%
Amazing
98%
How
98%
how
98%
the
98%
The
98%
I
97%
sweet
97%
sound
96%
me!
94%
me
94%
me,
94%
no
94%
but
93%
now
93%
was
93%
Was
93%
found,
92%
like
92%
lost
92%
once
91%
see.
91%
That
91%
that
91%
blind
89%
saved
89%
wretch
85%
to
72%
be
69%
taught
65%
'Twas
65%
And
64%
and
64%
my
60%
first
55%
fear,
53%
believed.
52%
hour
51%
He
49%
precious
49%
we
49%
appear
48%
did
46%
fears
45%
relieved
45%
When
42%
when
42%
will
41%
been
40%
as
38%
sing
36%
ten
36%
there
36%
thousand
36%
years
36%
have
35%
home.
35%
sun,
34%
God's
33%
we've
33%
We've
33%
brought
32%
lead
32%
begun
31%
bright
31%
less
31%
days
30%
praise
30%
shining
30%
than
30%
Through
30%
come
29%
has
29%
Lord
29%
many
29%
already
28%
far
27%
toils
27%
dangers
26%
snares
26%
thus
26%
safe
25%
good
24%
His
21%
life
20%
long
16%
promised
16%
endures.
15%
shield
15%
hope
14%
portion
13%
'Tis
13%
secures
12%
word
12%
No matching quizzes found
Score Distribution
Percent of People with Each Score
Percentile by Number Answered
Your Score History
You have not taken this quiz